Rights, laws, and Infallibility in Medieval Thought.

Saved in:
Bibliografiske detaljer
Hovedforfatter: Tierney, Brian (Author)
Format: Bog
Sprog:engelsk
Udgivet: Aldershot, Great Britain: Variorum, 1997.
Serier:Variorum collected studies.
Fag:
Tags: Tilføj Tag
Ingen Tags, Vær først til at tagge denne postø!

MARC

LEADER 00000nam a22000007a 4500
003 CL-VaPUC
005 20220822114423.0
008 220224b1997 ||||| |||| 00| 0 eng d
999 |c 434530  |d 434528 
020 |a 0-86078-648-X 
040 |c Pontificia Universidad Católica de Valparaíso 
082 7 |a 323.01 TIE 1997  |2 22 
100 1 |a Tierney, Brian   |e author   |9 866502 
245 |a Rights, laws, and Infallibility in Medieval Thought. 
260 |a Aldershot, Great Britain:   |b Variorum,  |c 1997. 
300 |a Numeración irregular. 
490 |a Variorum collected studies.  
500 |a c.1 Donación Familia Prof. Alejandro Guzmán Brito. 
583 |c 20220224  |k Yessy Stephany Diaz Vidal 
650 |a Derecho natural   |9 255041 
650 |a Derecho  |y Edad media   |9 869845 
650 |a Filosofía medieval   |9 256245 
942 |2 ddc  |c BK  |n 0 
952 |0 0  |1 0  |2 ddc  |4 0  |6 323_010000000000000_TIE_1997  |7 0  |8 C_AGB  |9 581442  |a BIBDER  |b BIBDER  |d 2022-02-24  |e Donación   |i 5647819   |o 323.01 TIE 1997  |p 5647819  |r 2023-01-25  |t 1  |w 2022-02-24  |y BK_US  |k AGB